000 00196nam a2200085Ia 4500
008 120527s9999 xx 000 0 und d
100 _aApplebaum, P.
245 _aIntroduction Sociology
942 _cBK
999 _c27721
_d27721